Online Catalogue and eLibrary

Women's Reproductive Health: (Record no. 1420)

MARC details
000 -LEADER
fixed length control field 00493nam a2200193Ia 4500
005 - DATE AND TIME OF LATEST TRANSACTION
control field 20250129030038.0
008 - FIXED-LENGTH DATA ELEMENTS--GENERAL INFORMATION
fixed length control field 240331s9999 xx 000 0 und d
020 ## - INTERNATIONAL STANDARD BOOK NUMBER
ISBN 1878071033
082 ## - DDC Classification
Item Number - Author Mark JAC
DDC Edition Number 781
Class No. 304.63
100 ## - MAIN ENTRY--PERSONAL NAME
Personal name Jacobson, J. L
245 #0 - TITLE STATEMENT
Title Women's Reproductive Health:
Remainder of title The Silent Emergency
260 ## - PUBLICATION, DISTRIBUTION, ETC.
Place of publication, distribution, etc. Washington
Name of publisher, distributor, etc. Worldwatch Institute
Date of publication, distribution, etc. 1991
300 ## - PHYSICAL DESCRIPTION
Extent (e.g. Volumes, Pages etc.) 72 p.,
650 ## - SUBJECT ADDED ENTRY--TOPICAL TERM
Topical term or geographic name entry element Reproductive Health
650 ## - SUBJECT ADDED ENTRY--TOPICAL TERM
Topical term or geographic name entry element Women
650 ## - SUBJECT ADDED ENTRY--TOPICAL TERM
Topical term or geographic name entry element Family
650 ## - SUBJECT ADDED ENTRY--TOPICAL TERM
Topical term or geographic name entry element Health
942 ## - Koha item type (Biblio)
Koha item type Books in Stacks (Lending)
Holdings
Lost status Damaged status Collection code Home library Current library Shelving location Date acquired Full call number Accession Number Item type
    Lending WERC Library WERC Library Social Science Cupboard 03/31/2024 304.63 JAC 781 Books in Stacks (Lending)

© WERC Library